Układ pokarmowy - Statystyki

Ogólne statystyki
  • Ten quiz został rozwiązany 70 razy
  • Średni wynik to 9 z 10
Statystyki odpowiedzi
Hint Odpowiedź % Poprawnych
To miejsce w którym zęby rozdrabniają pokarm a język miesza
go ze śliną zawierającą enzymy trawienne
Jama ustna
98%
Jest narządem w którym z niestrawionych resztek pokarmu formuje się kał Jelito grube
97%
I jest narządem w którym odbywa się mieszanie i trawienie pokarmu Żołądek
97%
To narząd w którym zachodzi ostatni etap trawienia a także wchłanianie
cząstek składników pokarmowych
Jelito cienkie
95%
To otwórz kończący ____ przez któryJest usuwany kał Odbyt
95%
Jest największym narządem układu pokarmowego do jej zadania należy między innymi unieszkodliwienie trujące substancji na przykład alkoholu oraz wytwarzanie żółci która umożliwia trawienie tłuszczu żółć jest wydzielana do początkowego odcinka ______ jej nadmiar jest wymagany w woreczku żółciowym Wątroba
95%
Transportuje pokarm z ____ do _____ Przełyk
93%
Jest wspólną częścią układu pokarmowego i oddechowego. Kieruje pokarm do ____ Gardło
92%
Wydzielają do jamy ustnej śliny która nawilża pokarm i ułatwia jego połykanie zawarte w niej enzymy
trawienne rozpoczynają trawienie cukrów
Ślinianki
80%
Wytwarza sok ___ wydzielany podobnie jak żółć do początkowego odcinka ____ sok ____
zawierający które rozkładają cukry tłuszcze i białka
Trzustka
80%
Nie znaleziono quizów pasujących do podanych kryteriów
Rozkład punktacji
Procent ludzi z każdym wynikiem
Percentyl według liczby udzielonych odpowiedzi
Twoja historia wyników
Nie rozwiązałeś tego quizu